Rosco Especial #1 - Balón de Oro - Estadísticas

Estadísticas generales
  • Esta prueba ha sido intentada 319 veces
  • La puntuación promedio es 20 de 26
Estadísticas de respuestas
Letra Respuesta % Correcto
C Jugador en quedar más veces en la segunda posición del “Balon de Oro” Cristiano Ronaldo
99%
B Equipo, en donde sus jugadores, fueron nominados más veces al podio del “Balón de Oro” Barcelona
98%
F País en donde se realiza dicha entrega de premios. Francia
97%
K Ganador del “Balon de Oro” en la Temporada 2007, por sus grandes actuaciones en el AC Milán. Kaká
92%
U Nacionalidad Andriy Shevchenko, ganador del "Balón de Oro" en el año 2004. Ucrania
92%
A Jugador que obtuvo el denominado “Super Balón de Oro” Alfredo Di Stéfano
91%
Q Cantidad de veces que Lionel Messi estuvo en el top 10 del “Balón de Oro". Quince (15)
91%
X Mediocampista español que se posiciono en el tercer puesto del “balón de oro”, en el año 2010. Xavi Hernández
91%
L Es el único portero/arquero en conseguir el “Balón de Oro”. Lev Yashin
90%
N Jugador brasileño en estar en el podio del "Balón de Oro" en el año 2017. Neymar
90%
Z Jugador que marcó un gol de volea en la final de la Liga de Campeones 2001/02 frente al Bayer Leverkusen. siendo considerado uno de los más icónicos en la historia del torneo. Zinedine Zidane
90%
V Se posicionó en la segunda posición en la gala del “balón de oro” en el año 2019, siendo el ultimo defensor en quedar en dicho podio. Virgil van Dijk
89%
E Ganador del “Balón de Oro” en el año 1965, jugando para Benfica. Eusebio
88%
T Edad con la que Cristiano Ronaldo obtuvo su último "Balón de Oro". Treinta y dos (32)
88%
R Es el jugador más joven en recibir el “Balon de Oro”. Ronaldo Nazario
85%
G Es el único jugador africano en ganar el Balón de Oro. George Weah
79%
Y Nacionalidad de Dejan Savićević y Darko Pančev, que resultaron quedar en el podio del “balón de oro”, en el año 1991 por sus grandes actuaciones en el Estrella Roja. Yugoslavia
79%
W Exjugador neerlandés, el cual consiguió el triplete con Inter de Milán y llegó a la final de la Copa del Mundo en 2010, a pesar de sus grandes actuaciones y ser candidato al "Balón de Oro", no logró estar en el podio de dicho trofeo. Wesley Sneijder
76%
M Junto a Lionel Messi, son los únicos en conseguir tres (3) veces el "Balón de Oro" de manera consecutiva. Michel Platini
69%
P Es el tercer jugador en obtener el “Balón de Oro Honorifico”, por sus notables aportes al futbol. Pelé
69%
H Exjugador búlgaro ganador del balón de oro en 1994. Hristo Stoichkov
68%
J Es el último italiano en quedar en el podio del “Balón de Oro”. Jorginho
55%
S Primer jugador en recibir el "Balón de Oro", en el año 1956. Stanley Matthews
39%
D Primer jugador del Manchester United en ganar el “Balón de Oro”. Denis Law
32%
O Exjugador ítalo-argentino en ser ganador del premio, pero con el peor porcentaje de puntos, obteniendo un 48,42% (temporada 1961). Omar Sívori
32%
I Exjugador soviético en ganar “balón del oro” en 1986. Igor Belanov
27%
No se encontraron pruebas coincidentes
Distribución de puntuación
Porcentaje de gente con cada puntuación
Porcentaje por número respondido
Historial de tus puntuaciones
No has intentado esta prueba.